000 00358 a2200157 4500
005 20250318081151.0
020 _a0 582 41012.2
082 _a380 WIL
100 _aWILLIAMS, T. D.
245 _aCommerce
250 _a5th Ed.
260 _aLondon,
_bLongman,
_c1956.
300 _avii, 294p.: picture
_bIndex
_c21cm
700 _aPINCOTT, M.
942 _2ddc
_cBKS
999 _c854
_d854